| 000 | 00520nam a2200205Ia 4500 | ||
|---|---|---|---|
| 008 | 170918s9999 xx 000 0 und d | ||
| 020 | _a9780590461221 | ||
| 050 | _bA237 1980 | ||
| 100 | _aAdler, David A. | ||
| 245 | 4 | _aThe mystery of the U.F.O. / | |
| 245 | _cby David A. Adler ; illustrated by Susanna Natti. | ||
| 260 | _aNew York : | ||
| 260 | _bScholastic, | ||
| 260 | _c1980 | ||
| 300 | _a58 pages : | ||
| 300 | _bcolored illustration ; | ||
| 300 | _c19cm. | ||
| 440 | _aCam Jansen. | ||
| 500 | _a440 | ||
| 999 |
_c342759 _d342759 |
||